Business and administrative communication / (Record no. 5455)

MARC details
000 -LEADER
fixed length control field 00678pam a2200181 a 4500
020 ## - INTERNATIONAL STANDARD BOOK NUMBER
ISBN 0256140642
050 00 - CALL NUMBER
Classification number HF5718
Item number .L63
100 1# - AUTHOR
Personal name Locker, Kitty O.
245 10 - TITLE
Title Business and administrative communication /
Statement of responsibility, etc Kitty O. Locker.
250 ## - EDITION
Edition statement 3rd ed.
260 ## - PUBLICATION INFORMATION
Place of publication Chicago :
Name of publisher Irwin,
Year of publication 1995.
300 ## - DESCRIPTION
Number of Pages xviii, 696 p. :
Other physical details ill. (some col.), maps (some col.) ;
Dimensions 27 cm.
500 ## - NOTES
General note "Quick reference" on [2] p. inserted.
505 ## - FORMATTED CONTENTS NOTE
Table of Content The building blocks of effective messages --<br/>Letters and memos --<br/>Interpersonal communication --<br/>Reports --<br/>Job hunting --<br/>Appendixes.
650 #0 - SUBJECTS
Topical Term Business communication.
650 #0 - SUBJECTS
Topical Term Communication in management.
942 ## - ADDED ENTRY ELEMENTS (KOHA)
Koha item type Books
Holdings
Withdrawn status Lost status Home library Current library Shelving location Date acquired Full call number Accession Number Koha item type
    Methodist University Library Main Methodist University Library Main General Stacks 25/12/1999 HF5718 .L63 25630 Books
    Methodist University Library Main Methodist University Library Main General Stacks 25/06/2019 HF5718 .L63 25631 Books
    Methodist University Library Main Methodist University Library Main General Stacks 25/06/2019 HF5718 .L63 25629 Books
    Methodist University Library Main Methodist University Library Main General Stacks 25/06/2019 HF5718 .L63 25632 Books
Copyright © 2026  MUG Library